|
|
|
|
| LEADER |
01126nam a22002537a 4500 |
| 001 |
31490 |
| 003 |
BD-DhAAL |
| 005 |
20241208112043.0 |
| 008 |
171104s2015 bg ao||| |||| 00| 0 eng d |
| 040 |
|
|
|a BD-DhAAL
|c BD-DhAAL
|
| 082 |
0 |
4 |
|2 23
|a 307.1412095492
|
| 245 |
0 |
0 |
|a BRAC Uganda :
|k annual report.
|f 2015 /
|
| 260 |
|
|
|a Dhaka :
|b BRAC,
|c 2016.
|
| 300 |
|
|
|a 160 pages :
|b illustrations ;
|c 28 cm.
|
| 526 |
|
|
|a AAL
|
| 541 |
|
|
|a Complimentary copy from BRAC
|e 31490
|
| 610 |
|
|
|a BRAC
|9 14405
|
| 650 |
|
|
|a Rural development
|z Bangladesh.
|9 14406
|
| 710 |
|
|
|a BRAC
|9 14405
|
| 852 |
|
|
|a Ayesha Abed Library
|c BRAC Resource Section
|
| 942 |
|
|
|2 ddc
|c BK
|
| 999 |
|
|
|c 38031
|d 38031
|
| 952 |
|
|
|0 0
|1 0
|2 ddc
|4 0
|6 307_141209549200000_BRA
|7 1
|8 RPT
|9 60168
|a BRACUL
|b BRACUL
|c BRS
|d 2017-04-11
|e Complimentary copy from BRAC
|l 0
|o 307.1412095492 BRA
|p 3010031490
|r 2017-04-11
|t 1
|w 2017-04-11
|y BK
|x Complimentary copy from BRAC; Price not available in register.
|
| 952 |
|
|
|0 0
|1 0
|2 ddc
|4 0
|6 307_141209549200000_BRA
|7 1
|8 RPT
|9 60447
|a BRACUL
|b BRACUL
|c BRS
|d 2017-04-23
|l 0
|o 307.1412095492 BRA
|p 3010031491
|r 2017-04-23
|t 2
|w 2017-04-23
|y BK
|x BRAC ; price not available in register
|